Teoría general del derecho administrativo
Gespeichert in:
| 1. Verfasser: | |
|---|---|
| Format: | Buch |
| Sprache: | Spanisch |
| Veröffentlicht: |
Madrid
Instituto de Estudios de Administración Local
1984
|
| Schlagworte: | |
| Tags: |
Tag hinzufügen
Keine Tags, Fügen Sie den ersten Tag hinzu!
|
MARC
| LEADER | 00000nam a2200000 a 4500 | ||
|---|---|---|---|
| 001 | UCV3415 | ||
| 003 | CL-VaPUC | ||
| 008 | 930709e19840000sp |||||||||||||||||spa|d | ||
| 082 | 0 | 4 | |a 342.06 |b GOR |2 21 |
| 100 | |a Gordillo, Agustín A |e author |9 384490 | ||
| 245 | 1 | 0 | |a Teoría general del derecho administrativo |
| 300 | |a 867 p | ||
| 942 | |c BK | ||
| 945 | |d 19930709 00:00:00 | ||
| 260 | |a Madrid |b Instituto de Estudios de Administración Local |c 1984 | ||
| 650 | 0 | |a Derecho administrativo |9 254851 | |
| 583 | |a last modification |c 20140828 11:22:54 |k Rodrigo Vera | ||
| 999 | |c 210643 |d 210641 | ||
| 952 | |0 0 |1 0 |4 0 |6 342_060000000000000_GOR_1984 |7 0 |8 A |9 187026 |a BIBDER |b BIBDER |d 2019-11-14 |i 2546752 |l 2 |o 342.06 GOR 1984 |p 2546752 |r 2023-01-25 |s 2022-08-18 |w 2019-11-14 |y BK |k DER | ||